000 00365nam a2200133Ia 4500
005 20260328104256.0
008 260328s9999||||xx |||||||||||||| ||und||
100 _aHunter Douglas
245 0 _aEscenarios de Luz :
_b decoración de ventanas /
_cHunter Douglas
260 _bPanamericana
300 _a402 p.
650 _aDECORACIÓN DE INTERIORES
942 _cBK
999 _c10420
_d10420